Nommez une ville par pays d'Afrique - Sans les capitales ! - Statistiques

Statistiques générales
  • Ce quiz a été pris 56 fois
    26 depuis la dernière actualisation
  • Le résultat moyen est 12 sur 54
Réponses sur la Carte
Les réponses sont colorées sur une échelle allant du rouge au vert en fonction du pourcentage des utilisateurs qui les ont devinées à leur premier essai. Vous pouvez retrouver ces pourcentages ci-dessous.
 
Statistiques - réponses
Pays Réponse % Correct
Maroc Casablanca | Fes | Tanger | Marrakech | Meknès | Agadir | Oujna | Salé
100%
Égypte Alexandrie | Gizeh | Shubra el-Kheima | Port Saïd | Suez | Mansoura | Mahalla el-Kubra | Tanta | Fayoum | Assouan | Louxor
91%
Nigeria Lagos | Kano | Ibadan | Port Harcourt | Kaduna | Benin City | Aba | Onitsha
87%
Côte d'Ivoire Abidjan | Bouaké | Daloa | San Pedro | Korhogo | Man | Gagnoa | Divo
78%
Afrique du Sud Johannesburg | Durban | Port Elizabeth | Soshanguve | Evaton | Pietermaritzburg | Vereeniging | Rutsenberg
78%
Algérie Oran | Constantine | Annaba | Blida | Batna | Djelfa | Sétif | Sibi bel Abbès
78%
Tanzanie Dar es Salaam | Mwanza | Zanzibar | Arusha | Mbeya | Morogoro | Kahama | Tanga
65%
Cameroun Douala | Bamenda | Bafoussam | Garoua | Maroua | Ngaoundéré | Kumba | Nkongsamba
65%
Bénin Cotonou | Parakou | Godomey | Abomey-Calavi | Djougou | Bohicon | Ekpe | Abomey
61%
Tunisie Sousse | Sfax | Kairouan | Bizerte | Ariana | Gabès | Gafsa | Monastir
52%
République démocratique du Congo Lubumbashi | Mbuji-Mayi | Kisangani | Kananga | Bukavu | Kolwezi | Likasi | Tshikapa
48%
Burundi Bujumbura | Ngozi | Rumonge |Cibitoke | Kayanza | Bubanza | Gatumba | Karuzi
43%
Kenya Mombasa | Nakuru | Ruiru | Eldoret | Kisumu | Kikuyu | Thika | Naivasha
43%
Libye Benghazi | Misrata | Zliten | Zawiya | Al-Khums | Janzur | Sebha | Tobruk
39%
République du Congo Pointe-Noire | Loubomo | Jakob | Ouesso | Oyo | Bétou | Gamboma | Owando
39%
Sénégal Touba | Thiès | Kaolack | Rufisque | Mbour | Saint-Louis | Zinguichor | Diourbel
39%
Soudan Omdurman | Nyala | Port Soudan | El Obeid | Kassala | Medani | Gedaref | El Fasher
30%
Gabon Port-Gentil | Franceville | Owendo | Oyem | Moanda | Ntoum | Lambarene | Mouila
26%
Mali Sikasso | Koutiala | Ségou | Kayes | Mopti | Kalabancoro | Gao | Kati
26%
Somalie Hargeisa | Merca | Kismayo | Berbera | Bossaso | Borama | Burco | Baidoa
13%
Ghana Kumasi | Tamale | Takoradi | Sekondi | Ashaiman | Cape Coast | Obuasi | Tema
13%
Angola Lubango | Hambo | Benguela | Cabinda | Malanje | Saurimo | Lobito | Kuito
13%
Guinée équatoriale Bata | Ebebiyin | Luba | Aconibe | Evinayong | Añisok | Monogomo | Rebola
9%
Burkina Faso Bobo-Dioulasso | Koudougou | Saaba | Ouahigouya | Kaya | Banfora | Pouytenga |Houndé
9%
Sierra Leone Kenema | Bo | Koidu | Makeni | Bonthe | Port Loko | Magburaka | Kamakwie
9%
Niger Maradi | Zinder | Tahoua | Agadez | Arlit | Birni N'Konni | Dosso | Gaya
9%
Cap-Vert Mindeleo | Espargos | Assomada | Tarrafal | Porto Novo | Sal Rei | São Filipe | Pedra Badejo
9%
Mauritanie Nouadhibou | Kiffa | Zouerate | Kaedi | Rosso | Mbera | Selibaby | Guerou
9%
Malawi Blantyre | Mzuzu | Zomba | Karonga | Kasungu | Mangochi | Salima | Liwonde
4%
Zimbabwe Bulawayo | Chitungwiza | Mutare | Epworth | Gweru | Kwekwe | Kadoma | Tuwa
4%
Guinée-Bissau Gabu | Bafata | Canchungo | Bissorã | Bula | Farim | Mansôa | Ingoré
4%
Togo Kara | Dapaong | Sokodé | Atakpamé | Kpalimé | Tsévié | Anié | Cinkassé
4%
Mozambique Matola | Nampula | Beira | Chimoio | Tete | Quelimane | Lichinga | Pemba |Xai-Xai
4%
Tchad Moundou | Abéché | Sarh | Kélo | Am Timan | Doba | Pala | Bongor
4%
Namibie Rundu | Walvis Bay | Swakopmund | Oshakati | Otjiwarongo | Katima Mulilo | Okahandja | Rehoboth
4%
Madagascar Tamatave | Antsirabe | Majunga | Fianarantsoa | Tuléar | Diégo-Suarez | Sambava | Iemrintsiatosika
4%
Maurice Vacoas (Phoenix) | Beau-Bassin (Rose-Hill) | Quatre-Bornes | Curepipe | Triolet | Goodlands | Bel Air Rivière Sèche | Centre de Flacq
4%
Djibouti Ali Sabieh | Dikhil | Obock | Tadjourah | Ali-Adeh | Arta | As-Eyla | Damerjog
0%
Ouganda Arua | Masaka | Mbale | Jinja | Mbarara | Lira | Gulu | Njeru
0%
Érythrée Assab | Keren | Massaoua | Mendefera | Barentu | Adi Keyh | Ghinda | Édd
0%
Gambie Brikama | Bundung | Sukuta | Talinding | Faji Kunda | Nema Kunku | Farafenni | Bakau
0%
République centrafricaine Carnot | Berbérati | Bambari | Bouar | Bossangoa | Kaga-Bandoro | Bangassou | Paoua
0%
Seychelles Cascade | Anse Étoile | Perseverance | Au Cap | Beau Vallon | Anse Boileau | Baie Sainte Anne (Anse Volbert) | Anse Royale
0%
Botswana Francistown | Mogoditshane | Maun | Molepolole | Serowe | Tlokweng | Palapye | Mochudi
0%
Liberia Gbarnga | Buchanan | Ganta | Kakata | Zwerdu | Harbel | Harper | Pleebo
0%
Rwanda Gisenyi | Ruhengeri | Gitarama | Kamuhanda | Nyamata | Butare | Cyangugu | Bugarama
0%
Éthiopie Gondar | Mekele | Adama (Nazret) | Hawassa | Bahir Dar | Dire Dawa | Dessie | Jimma
0%
Zambie Kitwe | Ndola | Solwezi | Kabwe | Chingola | Luanshya | Chipata | Kasama
0%
Eswatini Manzini | Nhlangano | Mastapha | Big Bend | Malkern's | Pig's Peak | Stegi | Mhlume
0%
Lesotho Maputsoe | Mohale's Hoek | Mafeteng | Hlotse | Butha-Buthe | Quthing | Teyateyaneng | Qacha's Nek
0%
Comores Mutsamudu | Fomboni | Tsimbeo | Domoni | Ouani | Sima | Iconi | Mrémani
0%
Sao Tomé-et-Principe Neves | Santana | Trindade | Almas | Pantufo | Guadalupe | Bombom | Santo António
0%
Guinée Nzérékoré | Kankan | Maneah | Dubréka | Kindia | Siguiri | Kissidougou | Labé
0%
Soudan du Sud Waku | Malakal | Yambio | Yei | Renk | Aweil | Maridi | Bentiu
0%
Aucun quiz correspondant
Distribution des résultats
% des personnes avec chaque résultat
Percentile par nombre de réponses
Votre historique - résultats
Vous n’avez pas pris ce quiz depuis la dernière actualisation